| 000 | 00427cam a22001217a 4500 | ||
|---|---|---|---|
| 008 | 180718b1966 xxu||||| |||| 00| 0 eng d | ||
| 082 | _aA81x54 In2/61/16/Pt2C/2 | ||
| 100 | _aCensus of India 1961 | ||
| 245 | _aWest Bengal and Sikkim: migration tables (D-I to D-III) | ||
| 260 |
_aDelhi _bThe Manager of Publications _c1966 |
||
| 300 | _a273+p. | ||
| 440 | _aCensus of India 1961. Volume XVI, West Bengal and Sikkim. Part II-C (ii) | ||
| 999 |
_c484611 _d484611 |
||